<?xml version="1.0" encoding="UTF-8" ?>
<collection xmlns="http://www.loc.gov/MARC21/slim"><record><leader>00963nam a2200265 nc4500</leader><controlfield tag="001">62124</controlfield><controlfield tag="003">CH-000273-5</controlfield><controlfield tag="005">20180315175703.0</controlfield><datafield tag="035" ind1=" " ind2=" "><subfield code="a">(OCoLC)906915971</subfield></datafield><datafield tag="040" ind1=" " ind2=" "><subfield code="a">CH-000273-5</subfield><subfield code="b">ger</subfield><subfield code="e">rda</subfield></datafield><datafield tag="041" ind1=" " ind2=" "><subfield code="a">ger</subfield></datafield><datafield tag="110" ind1="2" ind2="0"><subfield code="a">Zürcher Kunstgesellschaft</subfield><subfield code="e">Zusammenstellender</subfield><subfield code="4">com</subfield></datafield><datafield tag="245" ind1="0" ind2="0"><subfield code="a">Kop.-Buch: Ausstellung</subfield><subfield code="b">Juli 1909-Januar 1910</subfield><subfield code="c">Kunstgesellschaft</subfield></datafield><datafield tag="264" ind1=" " ind2=" "><subfield code="a">[Zürich]</subfield><subfield code="b">Kunstgesellschaft</subfield><subfield code="c">1909-1910</subfield></datafield><datafield tag="300" ind1=" " ind2=" "><subfield code="a">14 Blätter</subfield><subfield code="c">29 cm</subfield></datafield><datafield tag="336" ind1=" " ind2=" "><subfield code="a">Text</subfield><subfield code="b">txt</subfield><subfield code="2">rdacontent</subfield></datafield><datafield tag="337" ind1=" " ind2=" "><subfield code="a">ohne Hilfsmittel zu benutzen</subfield><subfield code="b">n</subfield><subfield code="2">rdamedia</subfield></datafield><datafield tag="338" ind1=" " ind2=" "><subfield code="a">Band</subfield><subfield code="b">nc</subfield><subfield code="2">rdacarrier</subfield></datafield><datafield tag="500" ind1=" " ind2=" "><subfield code="a">Blätter 1-14 sind beschriftet, die restlichen Blätter bis 251 sind leer</subfield></datafield><datafield tag="501" ind1=" " ind2=" "><subfield code="a">Schreiben vom 27.6.1909 bis 22.1.1910</subfield></datafield><datafield tag="610" ind1="2" ind2="7"><subfield code="a">Zürcher Kunstgesellschaft</subfield><subfield code="y">Geschichte 1909 - 19010</subfield><subfield code="2">gnd</subfield></datafield><datafield tag="655" ind1="0" ind2="7"><subfield code="a">Quelle</subfield><subfield code="2">gnd-content</subfield></datafield><datafield tag="655" ind1="0" ind2="7"><subfield code="a">Briefsammlung</subfield><subfield code="2">gnd-content</subfield></datafield><datafield tag="700" ind1="1" ind2="0"><subfield code="a">Wartmann, Wilhelm</subfield><subfield code="d">1882-1970</subfield><subfield code="e">Verfasser</subfield><subfield code="4">aut</subfield></datafield><datafield tag="852" ind1="4" ind2="0"><subfield code="a">CH-000273-5</subfield><subfield code="c">Archiv 2002/012</subfield></datafield></record></collection>